00923nam a2200265 a 4500001000800000005001700008008004100025020001500066041000800081044000700089050002700096245010500123260003000228300005400258500001000312650004900322650004100371700002900412700003300441700002500474902000800499942001100507999001500518952012400533BRL_82920190320210921.0141013s1999----au-ao#####---#000-0#ger-# a3950097864 ager aau 4aHQ1147.A97b.F738 199910aFrauen in WiencEin Fotoband von Lisl Ponger ; mit Texten von Christa Blümlinger und Sylvia Szely. aWienbFrauen Büroc1999 a123 p.bil., fotografías blanco y negroc29 cm. aAu93714aMujeresvBiografíazViena (Austria)92506414aMujeres austriacasxExiliados9250651 aPonger, Lisleil.9250661 aBlümlinger, Christa9250671 aSzely, Sylvia925068 aGRL 2lcccB c9641d9641 00104070aBRLbBRLd2013-10-14iAu937l0oHQ1147.A97 .F738 1999 (Au937)pGRL00898r2019-03-22 00:00:00w2019-03-22yB